Pla d'Actuació en Matèria d'Ocupació de la Diputació de Barcelona per a l'any 2005 : reclassificacions de llocs de treball : pla de carrera universal reclassificacions de llocs de treball :
Descripción Física:
56 p. ; 30 cm
Materias:
Personal -- Selecció
MARC
| LEADER | 00000nam a2200000Ia 4500 | ||
|---|---|---|---|
| 001 | 20929 | ||
| 003 | BGR | ||
| 005 | 20260324180039.0 | ||
| 008 | 160829s2005 xx 000 0 cat d | ||
| 080 | |a M-6-110 | ||
| 245 | |a Pla d'Actuació en Matèria d'Ocupació de la Diputació de Barcelona per a l'any 2005 : |b reclassificacions de llocs de treball : |b pla de carrera universal | ||
| 260 | |a Barcelona : |b Diputació de Barcelona. Unitat de Selecció, |c 2005 | ||
| 300 | |a 56 p. ; |c 30 cm | ||
| 590 | |a A la coberta: PAMO 2005. Bases reguladores dels processos | ||
| 650 | |a Personal |x Selecció |9 43086 | ||
| 710 | 1 | |a Barcelona (Catalunya : Província). |b Diputació |b Unitat de Selecció |9 52408 | |
| 901 | |a Arxiu | ||
| 942 | |n 1 |2 udc |c MON | ||
| 952 | |0 0 |1 0 |4 0 |6 M6110 |7 1 |9 52100 |a Arxiu |b Arxiu |d 2016-12-01 |l 0 |o M-6-110 |p 20929 |r 2016-12-01 00:00:00 |w 2016-12-01 |y ARXIU | ||
| 999 | |c 55948 |d 55948 | ||